Biblical New Year's Resolutions Quiz Stats

 Plays Quiz Updated Jan 4, 2018

Challenge
Share
Tweet
Embed
Score 0/20 Timer 04:00
2 Plays Today
% Correct
Cain
87.3%
Judas
86.4%
Samson
85%
Adam
82%
Daniel
80.5%
Jezebel
79%
Lot's Wife
77.3%
Paul
77.2%
Abraham
76.5%
Eve
76.4%
% Correct
Thomas
76.4%
Joseph (OT)
76.1%
Goliath
76%
Peter
71.9%
Aaron
70.3%
David
67.5%
Jonah
64.5%
Sarah
48.4%
Deborah
44.7%
Esther
44.3%

You're not logged in!

Compare scores with friends on all Sporcle quizzes.
OR
Log In

You Might Also Like...

Show Comments

Extras

Top Quizzes Today


Score Distribution

Your Account Isn't Verified!

In order to create a playlist on Sporcle, you need to verify the email address you used during registration. Go to your Sporcle Settings to finish the process.

Report this User

Report this user for behavior that violates our Community Guidelines.

Details: